<?xml version="1.0" encoding="UTF-8"?>
<marc:record xmlns:marc="http://www.loc.gov/MARC21/slim">
   <marc:leader>00000nam a2200000 a 4500</marc:leader>
   <marc:datafield ind1="1" ind2=" " tag="100">
      <marc:subfield code="a">Zeller Heilig, Renate</marc:subfield>
      <marc:subfield code="4">aut</marc:subfield>
      <marc:subfield code="e">Verfasser/-in</marc:subfield>
   </marc:datafield>
   <marc:datafield ind1=" " ind2=" " tag="653">
      <marc:subfield code="a">BELLETRISTIK</marc:subfield>
   </marc:datafield>
   <marc:datafield ind1=" " ind2=" " tag="653">
      <marc:subfield code="a">DRAMATIK</marc:subfield>
   </marc:datafield>
   <marc:datafield ind1=" " ind2=" " tag="653">
      <marc:subfield code="a">LYRIK</marc:subfield>
   </marc:datafield>
   <marc:datafield ind1=" " ind2=" " tag="653">
      <marc:subfield code="a">Renate Zeller Heilig</marc:subfield>
   </marc:datafield>
   <marc:datafield ind1=" " ind2=" " tag="653">
      <marc:subfield code="a">Softcover / Belletristik/Erzählende Literatur</marc:subfield>
   </marc:datafield>
   <marc:datafield ind1=" " ind2=" " tag="653">
      <marc:subfield code="a">Erzählende Literatur</marc:subfield>
   </marc:datafield>
   <marc:datafield ind1="0" ind2="0" tag="245">
      <marc:subfield code="a">Wer Angst hat, ist noch lange kein Feigling.</marc:subfield>
   </marc:datafield>
   <marc:datafield ind1="0" ind2="0" tag="245">
      <marc:subfield code="c">Renate Zeller Heilig</marc:subfield>
   </marc:datafield>
   <marc:datafield ind1=" " ind2="1" tag="264">
      <marc:subfield code="a">Palma de Mallorca</marc:subfield>
      <marc:subfield code="b">united p.c.</marc:subfield>
      <marc:subfield code="c">2016</marc:subfield>
   </marc:datafield>
   <marc:datafield ind1="1" ind2=" " tag="520">
      <marc:subfield code="a">Angaben aus der Verlagsmeldung

Wer Angst hat, ist noch lange kein Feigling. / von Renate Zeller Heilig

Eigentlich hat sie alles, was erfolgreiche Frauen ihrer Generation haben: Karriere, Geld und - ihre Freiheit. Auf Letzteres könnte sie problemlos verzichten, denn in der modernen Hülle steckt eine hoffnungslos altmodische Frau. Doch darüber spricht die 33-jährige Reporterin nicht. Ihr Traummann muss kein Prinz sein, Schloss und Ross kann sie entbehren, nicht aber die Hochzeitsglocken. Nachdem es im grauen Wien gar nicht danach klingt, will sie fort. Irgendwohin, wo man selbst in ihrem Alter nicht weiß, wie die Geschichte ausgeht: nach Mexiko. Eine fremde Welt, in der man über den Tod scherzt und Frauen Gebrauchsanleitungen für Machos kennen.
</marc:subfield>
   </marc:datafield>
   <marc:datafield ind1=" " ind2=" " tag="020">
      <marc:subfield code="a">9783710328817</marc:subfield>
      <marc:subfield code="9">9783710328817</marc:subfield>
   </marc:datafield>
   <marc:datafield ind1=" " ind2=" " tag="020">
      <marc:subfield code="a">3710328810</marc:subfield>
      <marc:subfield code="9">3710328810</marc:subfield>
   </marc:datafield>
   <marc:datafield ind1=" " ind2=" " tag="041">
      <marc:subfield code="a">ger</marc:subfield>
   </marc:datafield>
   <marc:datafield ind1=" " ind2=" " tag="300">
      <marc:subfield code="a">520 Seiten</marc:subfield>
   </marc:datafield>
</marc:record>
